000
00200 a2200097 4500
001
3645
100
_a
Ali, M
245
_a
Emergence of Pakistan, The
260
_a
_b
Columbia
_c
090
_c
2907
_d
2907
942
_a
NUST-CAE
_c
M
_c
21191
999
_c
238718
_d
238718